| 000 | 01299nam a2200313 i 4500 | ||
|---|---|---|---|
| 005 | 20260408161307.0 | ||
| 008 | 260329t20252025my ao jr6 001 1dmay d | ||
| 020 |
_a9786297662374 _cRM25.00 _qpaperback |
||
| 040 |
_aPPAK _beng _cPPAK _erda |
||
| 082 | 0 | 4 |
_223 _a741.5 |
| 090 | 0 | 0 |
_a741.5 _bNUR _dG |
| 100 | 0 |
_aNur Farha Shaafi, _cDr., _eauthor. |
|
| 245 | 1 | 0 |
_aKomik Pendidikan Pertama UMS : _bMAKMAL SAINS / _cNUR FARHA SHAAFI, SABARIAH SHARIF, TUAN NORBALKISH TUAN ABDULLAH, SAIFFUL KAMALUDDIN MUZAKIR, MOHAMMAD MUBARRAK MOHD YUSOF ; Editor Naskhah: Ainun Jamil |
| 264 | 1 |
_aKota Kinabalu, Sabah : _bPenerbit Universiti Malaysia Sabah, _c2025 |
|
| 264 | 4 | _c ©2025 | |
| 300 |
_avii, 31 pages : _bcolour illustrations, colour photographs ; _c22 cm |
||
| 336 |
_atext _2rdacontent |
||
| 337 |
_aunmediated _2rdamedia |
||
| 338 |
_avolume _2rdacarrier |
||
| 500 | _aIncludes index | ||
| 650 | 1 | 0 |
_aComic books, strips, etc. _zMalaysia |
| 650 | 2 | 0 |
_aScience _vComic books, strips, etc. |
| 650 | 2 | 0 | _aScience rooms and equipment |
| 700 | 0 |
_aSabariah Sharif, _cDr., _eauthor. |
|
| 700 | 0 |
_aTuan NorBalkish Tuan Abdullah, _cDr., _eauthor. |
|
| 700 | 0 |
_aSaifful Kamaluddin Muzakir, _cDr., _eauthor. |
|
| 700 | 0 |
_aMohamad Mubarrak Mohd Yusof, _eauthor. |
|
| 942 |
_2ddc _cB |
||
| 999 |
_c203553 _d203553 |
||